000 00783nam a22002297a 4500
999 _c13255
_d13255
003 MIRAKIL
005 20190517141509.0
008 190517b tu ||||| |||| 00| 0 tur d
020 _a9789751736765
040 _cTR-AnCHP
_aTR-AnCHP
041 _atur
082 _a928.94335
_bA35 2013
245 1 0 _aAhmet Muhip Dıranas /
_ceditör Bahriye Çeri.
260 _aAnkara :
_bT.C. Kültür ve Turizm Bakanlığı,
_c2013.
300 _a431 s. :
_bres. ;
_c21 sm.
440 0 _aKültür ve Turizm Bakanlığı yayınları.
_v3399.
490 0 _aAnma ve Armağan Kitapları dizisi ;
_v47.
600 0 _aDıranas, Ahmet Muhip
_d1909-1980
_xyaşamöyküsü
_95760
650 0 _aYazarlar, Türk
_95390
_y20 yy.
_xyaşamöyküsü
700 _aÇeri, Bahriye
_eed.
_95761
942 _2ddc
_cBKS